Trouvez le pays - Statistiques

Statistiques générales
  • Ce quiz a été pris 366 fois
  • Le résultat moyen est 10 sur 15
Statistiques - réponses
Indices Pays % Correct
Pays commençant par B...
99%
Pays commencant par E...
87%
...en Asie...
84%
...en Afrique...
83%
...qui touche la mer...
79%
Pays du moyen-orient...
72%
Pays avec une superficie de 1 000 000 km2 ou plus...
66%
...en Asie...
66%
...avec une superficie de moins de 120 000 km2...
65%
...avec la capitale en 6 lettres...
53%
...dont la capitale commence par un A Erythrée
52%
...avec sa capitale en trois mots Brunei
44%
...dont la superficie est inférieure à 30 000 km2...
39%
...dont la capitale commence par un A Kazakhstan
36%
... qui finit par T Koweit
35%
Aucun quiz correspondant
Distribution des résultats
% des personnes avec chaque résultat
Percentile par nombre de réponses
Votre historique - résultats
Vous n’avez pas pris ce quiz